Statystyki dla Miasta w województwie śląskim 2023

Kliknij tutaj aby rozwiązać quiz!

Ogólne statystyki

  • Ten quiz został rozwiązany 150 razy
  • Średni wynik to 39 z 73

Statystyki odpowiedzi

Liczba ludnościMiasto% Poprawnych
303 314Katowice
99%
231 527Częstochowa
95%
184 993Gliwice
95%
177 815Zabrze
95%
210 249Sosnowiec
92%
173 462Bielsko-Biała
86%
172 762Bytom
86%
110 538Chorzów
86%
140 094Rybnik
86%
128 698Tychy
85%
141 090Ruda Śląska
82%
123 774Dąbrowa Górnicza
81%
75 028Mysłowice
81%
51 722Świętochłowice
78%
62 015Żory
76%
93 556Jaworzno
75%
56 978Piekary Śląskie
75%
60 984Tarnowskie Góry
75%
48 688Wodzisław Śląski
73%
55 818Racibórz
72%
68 658Siemianowice Śląskie
71%
11 279Wisła
71%
58 297Będzin
70%
91 073Jastrzębie-Zdrój
70%
35 824Cieszyn
68%
39 858Mikołów
66%
31 967Żywiec
65%
39 057Knurów
63%
25 985Pszczyna
63%
16 005Ustroń
63%
51 110Zawiercie
63%
32 595Myszków
62%
35 703Czechowice-Dziedzice
61%
32 811Czeladź
58%
13 189Kłobuck
56%
24 244Lubliniec
56%
22 487Łaziska Górne
53%
5 758Szczyrk
51%
28 401Czerwionka-Leszczyny
48%
16 723Lędziny
47%
17 035Radzionków
47%
7 446Miasteczko Śląskie
46%
14 693Skoczów
46%
19 673Bieruń
44%
21 838Rydułtowy
43%
20 111Orzesze
42%
8 680Imielin
39%
8 592Kalety
39%
17 943Radlin
38%
9 827Blachownia
37%
18 604Pyskowice
37%
5 469Kuźnia Raciborska
35%
14 263Pszów
35%
2 456Koziegłowy
33%
7 010Łazy
33%
3 044Olsztyn
33%
9 088Wojkowice
33%
4 356Ogrodzieniec
32%
3 652Toszek
30%
6 138Koniecpol
28%
3 737Szczekociny
28%
1 843Sośnicowice
27%
4 489Żarki
27%
5 474Siewierz
25%
7 129Sławków
25%
3 044Wilamowice
24%
4 441Woźniki
24%
3 656Strumień
22%
4 471Krzepice
20%
1 945Pilica
20%
8 792Poręba
20%
1.118Włodowice
15%
2 193Krzanowice
14%

Rozkład punktacji

Percentyl według liczby udzielonych odpowiedzi

Procent ludzi z każdym wynikiem

Twoja historia wyników

Nie rozwiązałeś tego quizu